Представление документа в формате RUSMARC

ПолеНазваниеЗначение
  Тип записи a
  Библиографический уровень a
001 Контрольный номер RU/CBS_Ul/BASE/513527406
005 Дата корректировки 20250124001022.6
100 Данные общей обработки __
a Данные общей обработки 20160409d2016 ||| 0rusy0189 ca
101 Язык документа 0_
a Язык текста rus
102 Страна публикации __
a Страна публикации RU
105 Кодированные данные (монография) __
a Кодированные данные (монография) y###||||000|y
200 Заглавие и сведения об ответственности 1_
a Заглавие Валентин Распутин: живем и помним
b Общее обозначение материала Текст
e Сведения, относящиеся к заглавию [памяти В. Распутина, перспективы открытия музея писателя в Иркутске ]
f Первые сведения об ответственности Т. Уланова
300 Общие примечания __
a Общие примечания Ограничения по возрасту - 12+
461 Уровень набора _0
1 2000
a Культура
463 Уровень физической единицы _0
1 001RU/CBS_Ul/BASE/512441152
1 2000
a № 9 (11 марта)
v С. 15.
1 210
d 2016
600 Персоналии _0
a Персоналии (Фамилия) Распутин
b Персоналии (Имя, инициалы) В. Г.
606 Тематические рубрики 0_
a Основная рубрика Распутин, Валентин Григорьевич (1937-2015)
610 Ключевые слова 0_
a Ключевые слова писатели
a Ключевые слова советские писатели
a Ключевые слова литературоведение
a Ключевые слова музеи литературные
a Ключевые слова российская литература
686 Индексы других классификаций __
a Классификационный индекс 83.3(2Рос=Рус)6
2 Код системы ББК
700 Автор _1
a Фамилия Уланова
b Имя (инициалы) Т.
801 Источник записи _0
a Страна RU
b Организация МБУК ЦБС г. Ульяновска
c Дата составления 20160409
g Правила каталогизации RCR
801 Источник записи _1
a Страна RU
b Организация МБУК ЦБС г. Ульяновска
c Дата составления 20160409
g Правила каталогизации RCR
901 Тип документа __
t Тип документа f
w Контрольный № источника RU/CBS_Ul/BASE/512441152
910 Корректоры записи __
a Корректор записи Библиотека 8
938 Служебная информация __
a Имя БД period